|
|
|
|
| LEADER |
01365nam a2200349 a 4500 |
| 001 |
000281333 |
| 003 |
CZ BrMZK |
| 005 |
20171010112456.0 |
| 007 |
ta |
| 008 |
960815s1998 xr f cze d |
| 015 |
|
|
|a cnb000302269
|
| 020 |
|
|
|a 80-7242-058-5
|q (v knize neuvedeno ;
|q váz.)
|z 80-7217-065-1
|
| 040 |
|
|
|a BOA001
|b cze
|
| 080 |
|
|
|a 327(47)"1919/1989"
|2 MRF
|
| 080 |
|
|
|a 341.31(47)
|2 MRF
|
| 100 |
1 |
|
|a Sarin, Oleg
|7 xx0006541
|4 aut
|
| 245 |
1 |
0 |
|a Vetřelci :
|b agrese Sovětského svazu proti světu 1919-1989 /
|c Oleg Sarin, Lev Dvorecký
|
| 250 |
|
|
|a Vyd. 1.
|
| 260 |
|
|
|a Brno :
|b Books,
|c 1998
|
| 300 |
|
|
|a 219 s., [8] s. obrazových příloh ;
|c 21 cm
|
| 490 |
1 |
|
|a Jota - Military ;
|v sv 27
|
| 653 |
0 |
|
|a sovětské vojenské intervence
|
| 700 |
1 |
|
|a Dvoreckij, Lev Semenovič
|7 xx0006542
|4 aut
|
| 765 |
0 |
|
|t Alien wars
|
| 830 |
|
0 |
|a Jota - Military
|
| 856 |
4 |
1 |
|u http://www.digitalniknihovna.cz/mzk/uuid/uuid:bc3d8990-bab3-11e5-b5dc-005056827e51
|y Digitalizovaný dokument
|x NDK
|
| 910 |
|
|
|a BOA001
|b 2-1041.513
|b PK-0129.676
|
| 920 |
|
|
|a 000304088
|
| 964 |
|
|
|a Trznadel-Szczepanek
|b Anna
|x agrese
|z r.1919-1989
|
| 990 |
|
|
|a BK
|
| 996 |
6 |
|
|b 2610065247
|c 2-1041.513
|l MZK
|r Sklad / do 1 hodiny
|n 13
|p p.v.
|w 000281333
|u 000010
|a 1
|e BOA001
|j MZK50
|s P
|
| 996 |
7 |
|
|b 3119011927
|c PK-0129.676
|l MZK
|r Sklad / do 1 hodiny
|n 14
|p kup
|w 000281333
|u 000020
|a 1
|e BOA001
|j MZK50
|s A
|